Conversando /
Guardado en:
| Autor Principal: | |
|---|---|
| Formato: | Libro |
| Publicado: |
Bogota :
Ed.kelly, 0
|
| Materias: | |
| Etiquetas: |
Agregar Etiqueta
Sin Etiquetas, Sea el primero en etiquetar este registro!
|
| LEADER | 00505nam a22001575a 4500 | ||
|---|---|---|---|
| 001 | EHU.bham019313 | ||
| 003 | AR-BHAM | ||
| 005 | 20101116174001.0 | ||
| 008 | 130507b######################000#0#####d | ||
| 082 | C | O | |a 868.4 |
| 100 | 1 | |a Garcia Ortiz, Laureano | |
| 245 | 1 | 0 | |a Conversando / |c Laureano Garcia Ortiz |
| 260 | |a Bogota : |b Ed.kelly, 0 | ||
| 653 | |a Miscelanea colombiana-1911- | ||
| 653 | |a Libro de escasa demanda | ||
| 859 | |a AR-BHAM |b BIB. HUMANIDADES - Lectura de escasa demanda |h CO868.4 |i G165 |k CO |p 322.67 |t Ej.1 |v LED936 | ||
